000 00713nam a22002657a 4500
008 130513b xxu||||| |||| 00| 0 eng d
020 _a0-395-86811-4
024 _cavailable
037 _cavailable
040 _aMBSTU LIbrary
082 _222
_a428.0202 BAW
100 _aBazerman,Charles
110 _a Wiener, Harvey S
245 _aWritting Skills Handbook
250 _a4th edition
260 _aNew York
_bHoughton Company
_c2002
300 _a13 cm
_b154 page
_f10
_g13 cm
600 _aEnglish Language
700 _aBazerman, Charles
710 _a Wiener, Harvey S
270 _aNew York
_bNew York
_dUSA
365 _b56.00
_d56.00
942 _2ddc
_cBK
999 _c369
_d369